000 004600000a22001930004500
001 002180
003 MACL
005 20150902130450.0
008 150902b xxu||||| |||| 00| 0 eng d
040 _aMACL
_cMACL
041 _aEnglish
082 _a808/DOL
100 _aDolui, Charles
_98540
245 _aLive Like Kingsize
_cCharles Dolui
260 _aKolkata
_c2005
_bMulti Books,
350 _a70
650 _aLiterature
_98541
942 _k808
_cBK
_2ddc
999 _c14095
_d14095